Úti élmény [grafika] /
Elmentve itt :
| Szerző: | |
|---|---|
| Dokumentumtípus: | Cikk |
| Megjelent: |
1972
|
| Sorozat: | Tiszatáj
26 No. 9 |
| Kulcsszavak: | Grafika - román - 20. sz. |
| Online Access: | http://tiszataj.bibl.u-szeged.hu/23980 |
| LEADER | 00586nab a2200181 i 4500 | ||
|---|---|---|---|
| 001 | tisza23980 | ||
| 005 | 20200330131907.0 | ||
| 008 | 170523s1972 hu o 0|| hun d | ||
| 022 | |a 0133-1167 | ||
| 040 | |a SZTE Tiszatáj Archívum |b hun | ||
| 041 | |a hun | ||
| 100 | 1 | |a Milan Florian Alexandru | |
| 245 | 1 | 0 | |a Úti élmény |h [elektronikus dokumentum] : |b [grafika] / |c Milan Florian Alexandru |
| 260 | |c 1972 | ||
| 300 | |a 28 | ||
| 490 | 0 | |a Tiszatáj |v 26 No. 9 | |
| 695 | |a Grafika - román - 20. sz. | ||
| 856 | 4 | 0 | |u http://tiszataj.bibl.u-szeged.hu/23980/1/tiszataj_1972_009_028.pdf |z Dokumentum-elérés |